Seoul Metropolitan Subway Incheon Metro Line 2 Stations - Statistics

General Stats
  • This quiz has been taken 35 times
  • The average score is 23 of 27
Answer Stats
Station
Number
Station Name Transfer % Correct
I218 Juan
100%
I219 Citizens Park(Culture Creation Zone)
94%
I201 Geomdan Oryu(Geomdan Industrial Complex) Airport Railroad
94%
I226 Incheon Grand Park
94%
I210 Seo-gu Office
94%
I213 Seongmam(Geobuk Market)
94%
I209 Asiad Stadium(Gongchon Sageori) Line 7
88%
I211 Gajeong(Lu 1 City) Line 1
88%
I212 Gajeong Jungang Market
88%
I207 Geomam
88%
I208 Geombawi
88%
I203 Geomdan Sageori
88%
I221 Incheon City Hall Suin-Bundang Line
88%
I217 Juan Nat'l Industrial Complex(Incheon J Valley)
88%
I225 Namdong-gu Office
88%
I202 Wanggil
88%
I224 Mansu
82%
I220 Seokbawi Market
82%
I223 Moraenae Market
76%
I222 Seokcheon Sageori
76%
I227 Unyeon(Seochang)
76%
I205 Wanjeong
76%
I214 West Woman's Community Center
76%
I206 Dokjeong
71%
I216 Gajaeul
71%
I215 Incheon Gajwa Incheon Metro Line 2
71%
I204 Majeon
71%
No matching quizzes found
Score Distribution
Percent of People with Each Score
Percentile by Number Answered
Your Score History
You have not taken this quiz